| 000 | 02653nam0a2200433 4500 | ||
|---|---|---|---|
| 001 | RU\NLR\bibl\280703 | ||
| 005 | 20260407080729.0 | ||
| 010 |
_a5-86911-335-0 _9100 |
||
| 021 |
_aRU _b2002-9681 _9480 |
||
| 035 | _a(NLR Aleph) 000276185 | ||
| 090 |
_a1615629 _c1615629 |
||
| 100 | _a20020618d2001 |||y0rusy50 ca | ||
| 101 | 0 | _arus | |
| 102 | _aRU | ||
| 105 | _aa ||||||||| | ||
| 200 | 1 |
_aПроектирование систем автоматизации термических печей _eУчеб. пособие для студентов, обучающихся в вузах по направлению 651700 - "Материаловедение, технологии материалов и покрытий (спец. 120800 - Материаловедение в машиностроении)" _f[Ф.Ш. Шарифьянов, А.М. Беленький, В.Ф. Бердышев, К.С. Шатохин _gНауч. ред. А.М. Беленький] _gМ-во образования Рос. Федерации, Уфим. гос. авиац. техн. ун-т |
|
| 210 |
_aУфа _cУГАТУ _d2001 |
||
| 215 |
_a53 с. _cил. _d21 |
||
| 320 | _aБиблиогр.: с. 35-36 | ||
| 606 | 0 |
_aТермические печи _jРуководства, пособия и т.п. для высшей школы _xСАУ _xПроектирование _92250580 _3RU\NLR\auth\661349961 |
|
| 606 | 0 |
_aТермические печи _jУчебные издания для высшей школы _xСАУ _xПроектирование _92250580 _3RU\NLR\auth\661349961 |
|
| 610 | 0 | _aТермические печи - Автоматическое управление - Технологическое проектирование | |
| 675 |
_a621.783:681.51(075.8) _v3 _zrus |
||
| 686 |
_a55 _2rugasnti |
||
| 686 |
_a34.651я73 _2rubbk |
||
| 686 | _aК651.01-51-05-02я73-1 | ||
| 701 | 1 |
_aШарифьянов _bФ. Ш. _gФуадат Шарифьянович _4070 |
|
| 701 | 1 |
_aБеленький _bА. М. _gАнатолий Матвееевич _4070 |
|
| 701 | 1 |
_aБердышев _bВ. Ф. _gВалерий Федорович _4070 |
|
| 701 | 1 |
_aШатохин _bК. С. _gКонстантин Сергеевич _4070 |
|
| 702 | 1 |
_aБеленький _bА. М. _gАнатолий Матвеевич _4340 |
|
| 712 | 0 | 2 |
_4570 _aУфимский государственный авиационный технический университет _3RU\NLR\AUTH\886295 _9284386 |
| 801 | 0 |
_aRU _bRKP _c20020618 _gPSBO |
|
| 801 | 1 |
_aRU _bRKP _c20020618 |
|
| 801 | 2 |
_aRU _bNLR _c20030210 _grcr |
|
| 942 | _cBOOK | ||
| 980 | _aNB | ||